| 000 | 00899cab a2200253 4500 | ||
|---|---|---|---|
| 001 | WB3428-17 | ||
| 008 | 090401t1998 xxu||||| |||| 00| 0 eng d | ||
| 035 | _a(Sirsi) u87542 | ||
| 041 | _aeng | ||
| 245 | _aSeminar in fine arts for police | ||
| 260 | _c1998 | ||
| 350 | _a0 | ||
| 490 |
_aAntiques Trade Gazette _v(1347) 18 July 1998, 4(1) |
||
| 520 | _aPolice forces that have appointed antiques crime liaison officers have responded to the code of Due Diligence proposed by the Council of Prevention of Art Theft, have sent their officers on a week long seminar sponsored by the Antiques Trade Gazette. | ||
| 650 | _aANTIQUES CRIME LIAISON OFFICERS | ||
| 650 | _aART THEFT | ||
| 650 | _aCOUNCIL FOR THE PREVENTION OF ART THEFT | ||
| 650 | _aDUE DILIGENCE | ||
| 650 | _aPOLICE FORCE | ||
| 650 | _aSEMINAR | ||
| 690 |
_aArts and antiques _96217 |
||
| 942 | _n0 | ||
| 948 | _c22/07/1998 | ||
| 999 |
_c55228 _d55228 |
||